Famous Faces Upside Down Quiz Stats

 Plays Quiz Updated Dec 7, 2017

Also try: Famous Facial Hair
Challenge
Share
Tweet
Score 0/28 Timer 06:00
18 Plays Today
Row Famous Face % Correct
2Michael Jackson
95.7%
4George W. Bush
90.8%
1George Clooney
90.3%
2Elton John
87.7%
1Ellen DeGeneres
86.8%
1Oprah Winfrey
83.8%
3Brad Pitt
83.7%
2Paris Hilton
80.5%
1Nelson Mandela
79%
2Halle Berry
78.3%
3Eddie Murphy
74.2%
3Adam Sandler
67.9%
4Mick Jagger
62.2%
4Reese Witherspoon
54.4%
Row Famous Face % Correct
1Uma Thurman
54.1%
4Drew Barrymore
52.4%
4Hugh Grant
52%
4John Travolta
51.2%
2Dennis Rodman
45.5%
2Tyra Banks
41.5%
1Heidi Klum
41.5%
3Tom Cruise
39.5%
3William Shatner
38.4%
1Prince Charles
36.8%
2James Earl Jones
36.1%
3Dick Cheney
28%
4Barbra Streisand
20.8%
3Henry Kissinger
12.6%

You're not logged in!

Compare scores with friends on all Sporcle quizzes.
OR
Log In

You Might Also Like...

Show Comments

Extras

Top Quizzes Today


Score Distribution

Your Account Isn't Verified!

In order to create a playlist on Sporcle, you need to verify the email address you used during registration. Go to your Sporcle Settings to finish the process.

Report this User

Report this user for behavior that violates our Community Guidelines.

Details: